Дорно этгээдэд долоон удаа : Черемис, Халимаг, Афганистан, Туркестан, Монголоор аялсан тэмдэглэл : 1898-1912 / (Record no. 31961)
[ view plain ]
| 000 -LEADER | |
|---|---|
| fixed length control field | 02264nam a22003977a 4500 |
| 003 - CONTROL NUMBER IDENTIFIER | |
| control field | OSt |
| 005 - DATE AND TIME OF LATEST TRANSACTION | |
| control field | 20260421145155.0 |
| 008 - FIXED-LENGTH DATA ELEMENTS--GENERAL INFORMATION | |
| fixed length control field | 230627b mp ||||| |||| 00| 0 mon d |
| 020 ## - INTERNATIONAL STANDARD BOOK NUMBER | |
| International Standard Book Number | 978-99929-2-211-8 |
| Qualifying information | (зөөлөн хавтастай) |
| 040 ## - CATALOGING SOURCE | |
| Original cataloging agency | MN-MNUMS |
| Language of cataloging | MON |
| Transcribing agency | rda |
| Modifying agency | MN-MNUMS |
| Description conventions | MN-MNUMS |
| 082 ## - DEWEY DECIMAL CLASSIFICATION NUMBER | |
| Edition number | 21 |
| Classification number | 912 |
| Item number | Р 96 |
| 100 ## - MAIN ENTRY--PERSONAL NAME | |
| Personal name | Густав Йон Рамстедт |
| 9 (RLIN) | 62972 |
| Relator term | зохиогч |
| 245 ## - TITLE STATEMENT | |
| Title | Дорно этгээдэд долоон удаа : Черемис, Халимаг, Афганистан, Туркестан, Монголоор аялсан тэмдэглэл : 1898-1912 / |
| Statement of responsibility, etc. | Зохиогч: Густав Йон Рамстедт; Англи хэлнээс орчуулсан: М. Саруул-Эрдэнэ; Хянан тохиолдуулсан: Ж. Урангуа |
| 264 ## - PRODUCTION, PUBLICATION, DISTRIBUTION, MANUFACTURE, AND COPYRIGHT NOTICE | |
| Place of production, publication, distribution, manufacture | Улаанбаатар: |
| Name of producer, publisher, distributor, manufacturer | Сэлэнгэпресс ХХК, |
| Date of production, publication, distribution, manufacture, or copyright notice | 2019. |
| 300 ## - PHYSICAL DESCRIPTION | |
| Extent | 234 хуудастай: |
| Other physical details | зурагтай; |
| Size of unit | 22 см. |
| 505 ## - FORMATTED CONTENTS NOTE | |
| Title | Гарчиг |
| Title | Англи хэлээр орчуулсан Жон Крюгерийн тэмдэглэл |
| Title | Монгол орчуулагчийн өмнөтгөл |
| Title | Талархал |
| Title | Нэг. Суралцаж асан он жилүүд |
| Title | Хоёр. Черемис, Сибириэр аялсан минь |
| Title | Гурав. Монголд. 1898 он |
| Title | Дөрөв. Халимаг тээгээр аялсан минь |
| Title | Тав. Их Моголчуудын мөрөөр. 1903 он |
| Title | Зургаа. Дорнод Туркестанаар аялсан минь. 1905 он |
| Title | Долоо. Монголд. 1909 он |
| Title | Найм. Монголд. 1912 он |
| 546 ## - LANGUAGE NOTE | |
| Хэл | монгол |
| Information code or alphabet | кирилл |
| 650 #4 - SUBJECT ADDED ENTRY--TOPICAL TERM | |
| Topical term or geographic name entry element | аялал |
| 9 (RLIN) | 71020 |
| Topical term or geographic name entry element | жуулчлал |
| 9 (RLIN) | 71021 |
| Topical term or geographic name entry element | түүх |
| 700 ## - ADDED ENTRY--PERSONAL NAME | |
| Personal name | Саруул-Эрдэнэ, Мягмарын |
| Relator term | Орчуулагч |
| 9 (RLIN) | 71017 |
| Personal name | Урангуа, Жамсрангийн |
| Relator term | Хянан тохиолдуулагч |
| 9 (RLIN) | 71018 |
| 710 ## - ADDED ENTRY--CORPORATE NAME | |
| Corporate name or jurisdiction name as entry element | Монгол Улсын Боловсролын Их Сургууль |
| Subordinate unit | Монгол судлалын төв |
| Relator term | Эрхэлсэн байгууллага |
| 9 (RLIN) | 71019 |
| 942 ## - ADDED ENTRY ELEMENTS (KOHA) | |
| Source of classification or shelving scheme | Dewey Decimal Classification |
| Koha item type | Намтар, түүх |
| Date last seen | Inventory number | Total Checkouts | Full call number | Barcode | Price effective from | Koha item type | Public note | Lost status | Source of classification or shelving scheme | Damaged status | Not for loan | Withdrawn status | Home library | Current library | Shelving location | Date acquired | Cost, normal purchase price |
|---|---|---|---|---|---|---|---|---|---|---|---|---|---|---|---|---|---|
| 06/27/2023 | 28056 | 912 Р 96 | ATNS-M13219 | 06/27/2023 | Намтар, түүх | 2023.05 | 2024.06 | Dewey Decimal Classification | Эрдэм шинжилгээний номын сан | Эрдэм шинжилгээний номын сан | Үндсэн фонд | 06/27/2023 | 25000.00 |